000 00984nam a2200241 a 4500
001 000018826
005 20200929165850.0
008 100519s1970 mx a 000 0 spa d
040 _aDO-SdBNP
_bspa
_cBNPHU
082 _a301.3298
_bS938f, 1970
100 1 _aStycos, J. Mayone,
_940584
240 1 0 _aHuman fertility in latin america.
_lEspañol.
245 1 0 _aFecundidad en la América Latina :
_bperspectivas sociológicas /
_cJ. Mayone Stycos ; introducción de Álvaro García Peña.
250 _a2 ed. amp. y rev.
260 _aMéxico :
_bPax-méxico, Libreria Carlos Cesarman,
_c1970.
300 _a328 p. :
_bil. ;
_c21 cm.
534 _pTítulo original en inglés:
_tHuman fertility in latin america.
_cCornell University, 1968
500 _aEdición dedicada a la memoria de Hermán Mendoza Hoyos.
651 4 _aAmérica Latina
_xPoblación
_932453
650 4 _aControl natal
_zAmérica Latina
_933592
700 1 _aGarcía Peña, Álvaro,
_eintr.
_933594
049 _aBNGR
999 _c18346
_d18346